Skład Lechii Gdańsk 2025/26 - Statystyki

Ogólne statystyki
  • Ten quiz został rozwiązany 31 razy
  • Średni wynik to 12 z 23
Statystyki odpowiedzi
Kraj Zawodnik % Poprawnych
Kolumbia Camilo Mena
83%
Polska Szymon Weirauch
83%
BiH Rifet Kapić
79%
Słowacja Tomas Bobcek
75%
Kosowo Bujar Pllana
71%
Szwecja Elias Olsson
67%
Polska Kacper Sezonienko
67%
Łotwa Alvis Jaunzems
63%
Ukraina Bohdan Sarnawski
58%
Ukraina Iwan Żelizko
58%
Słowacja Matus Vojtko
58%
Polska Tomasz Neugebauer
58%
Ukraina Bohdan Wjunnyk
50%
Szwecja Karl Wendt
50%
Polska Miłosz Kałahur
50%
ZEA, Sudan Mohamed Awadalla
50%
Polska Michał Głogowski
42%
Polska Tomasz Wójtowicz
42%
Polska Bartosz Brzęk
38%
Ukraina Maksym Diaczuk
38%
Ukraina Anton Carenko
33%
Polska Bartosz Szczepankiewicz
29%
Polska Antoni Ziółkowski
4%
Nie znaleziono quizów pasujących do podanych kryteriów
Rozkład punktacji
Procent ludzi z każdym wynikiem
Percentyl według liczby udzielonych odpowiedzi
Twoja historia wyników
Nie rozwiązałeś tego quizu